BD Chaurasia Handbook of General Anatomy (Record no. 1971)

MARC details
000 -LEADER
fixed length control field 00296nam a22001217a 4500
008 - FIXED-LENGTH DATA ELEMENTS--GENERAL INFORMATION
fixed length control field 260418b |||||||| |||| 00| 0 eng d
020 ## - INTERNATIONAL STANDARD BOOK NUMBER
International Standard Book Number 9789354665691
100 ## - MAIN ENTRY--PERSONAL NAME
Personal name CHAURASIA, BD
245 ## - TITLE STATEMENT
Title BD Chaurasia Handbook of General Anatomy
942 ## - ADDED ENTRY ELEMENTS (KOHA)
Source of classification or shelving scheme Dewey Decimal Classification
Koha item type Books
Suppress in OPAC No
Holdings
Withdrawn status Lost status Source of classification or shelving scheme Damaged status Not for loan Collection Home library Current library Shelving location Date acquired Total checkouts Full call number Barcode Date last seen Price effective from Koha item type
    Dewey Decimal Classification     Non-fiction Centerville Centerville General stacks 18/04/2026   611/B CPL26040043 18/04/2026 18/04/2026 Books